Flag for lande, der starter med K - Statistics

General Stats
  • This quiz has been taken 8 times
  • The average score is 6 of 9
Answer Stats
Picture Answer % Correct
Kenya
100%
Kina
100%
Kosovo
67%
Kroatien
67%
Kuwait
67%
Kap Verde
50%
Kasakhstan
50%
Kiribati
33%
Kirgisistan
17%
No matching quizzes found
Score Distribution
Percent of People with Each Score
Percentile by Number Answered
Your Score History
You have not taken this quiz